[Event "Ardennes-ch 0102"]
[Site "Ardennes"]
[Date "2001.??.??"]
[Round "?"]
[White "Yahi, Hamid"]
[Black "Guerpillon, Louis"]
[Result "0-1"]
[WhiteElo "1570"]
[BlackElo "1760"]
[PlyCount "66"]
[EventDate "2001.??.??"]
[EventType "swiss"]
[EventRounds "9"]
[EventCountry "FRA"]
[SourceTitle "EXT 2008"]
[Source "ChessBase"]
[SourceDate "2007.11.25"]
[SourceVersion "1"]
[SourceVersionDate "2007.11.25"]
[SourceQuality "1"]

1. e4 e6 2. d4 d5 3. e5 c5 4. c3 Nc6 5. Nf3 Nge7 6. Bd3 Nf5 7. Be3 cxd4 8. cxd4 Nxe3 9. fxe3 Bb4+ 10. Nc3 0-0 11. 0-0 Bd7 12. a3 Be7 13. Qc2 h6 14. Rac1 f6 15. Nh4 Be8 16. exf6 Rxf6 17. Rxf6 Bxf6 18. Rf1 Qe7 19. Bg6 Bxh4 20. Bh7+ Kh8 21. Nb5 Bf6 22. Bg6 Bxg6 23. Qxg6 Rf8 24. h4 a6 25. Nd6 Qxd6 26. Rxf6 Rxf6 27. Qe8+ Qf8 28. Qd7 Rf1+ 29. Kh2 Nxd4 30. exd4 Qf4+ 31. g3 Qf2+ 32. Kh3 Rh1+ 33. Kg4 Qf5# 0-1